Sariling panitikan : (Record no. 293600)
[ view plain ]
| 000 -LEADER | |
|---|---|
| fixed length control field | 00561nam a2200205Ia 4500 |
| 008 - FIXED-LENGTH DATA ELEMENTS--GENERAL INFORMATION | |
| fixed length control field | 160418s9999 xx 000 0 und d |
| 020 ## - INTERNATIONAL STANDARD BOOK NUMBER | |
| International Standard Book Number | 971-23-1155-4 |
| 050 ## - LIBRARY OF CONGRESS CALL NUMBER | |
| Classification number | FIL PL 5531 |
| 050 ## - LIBRARY OF CONGRESS CALL NUMBER | |
| Item number | .N53 1993 |
| 100 ## - MAIN ENTRY--PERSONAL NAME | |
| Personal name | Nicasio, Paz N. |
| 245 ## - TITLE STATEMENT | |
| Title | Sariling panitikan : |
| 245 ## - TITLE STATEMENT | |
| Remainder of title | (pahapyaw na kasaysayan) / |
| 245 ## - TITLE STATEMENT | |
| Statement of responsibility, etc | Paz N. Nicasio, Federico B. Sebastian. |
| 260 ## - PUBLICATION, DISTRIBUTION, ETC. (IMPRINT) | |
| Place of publication, distribution, etc | Manila : |
| 260 ## - PUBLICATION, DISTRIBUTION, ETC. (IMPRINT) | |
| Name of publisher, distributor, etc | Rex Book Store, Inc., |
| 260 ## - PUBLICATION, DISTRIBUTION, ETC. (IMPRINT) | |
| Date of publication, distribution, etc | 1993 |
| 300 ## - PHYSICAL DESCRIPTION | |
| Extent | 356 pages : |
| 300 ## - PHYSICAL DESCRIPTION | |
| Dimensions | 21 cm. |
| 650 ## - SUBJECT ADDED ENTRY--TOPICAL TERM | |
| Topical term or geographic name as entry element | Philippine literature -- History and criticism. |
| Withdrawn status | Lost status | Damaged status | Home library | Current library | Shelving location | Date acquired | Total Checkouts | Full call number | Barcode | Date last seen | Price effective from | Koha item type |
|---|---|---|---|---|---|---|---|---|---|---|---|---|
| South Mansfield College | South Mansfield College | Filipiniana Section | 06/09/2005 | FIL PL 5531 .N53 1993 | SMC02707 | 04/18/2016 | 04/18/2016 |